'Double' Clicking: Product Names Quiz Stats

Quiz Updated Jan 3, 2015

Challenge
Share
Tweet
Embed
Score 0/40 Timer 04:00
5 Plays Today
% Correct
ee
95.5%
oo
95.4%
oo
95.3%
ee
95.1%
oo
95.1%
oo
95.1%
oo
94.8%
gg
93.8%
ee
93.7%
aa
93.6%
zz
93.5%
oo
93.4%
ff
93.3%
pp
93%
oo
92.4%
tt
91.3%
ff
90.7%
ss
90.5%
ll
90.1%
ll
90%
% Correct
pp
89.8%
tt
89.7%
ll
89.7%
rr
89.1%
nn
88.3%
bb
87.9%
ll
87.8%
gg
87.6%
tt
87%
ee
86.8%
dd
86.6%
ff
85.7%
tt
85.3%
bb
84.7%
dd
84.3%
dd
83.3%
ll
83%
pp
80%
ff
76%
bb
75.4%

You're not logged in!

Compare scores with friends on all Sporcle quizzes.
Sign Up with Email
OR
Log In

You Might Also Like...

Show Comments

Extras

Top Quizzes Today


Score Distribution

Your Account Isn't Verified!

In order to create a playlist on Sporcle, you need to verify the email address you used during registration. Go to your Sporcle Settings to finish the process.